00616nam a22001577a 4500999001900000003000500019005001700024038001800041082001400059100002800073245017900101260003100280710003000311942001300341952010400354 c533802d533802NUST20200121121144.0 aNusrat Nadeem a519.4 JAV a Batool Javeria927792 aMS Thesis:Computational Analysis of Cyclic Pyranopterin Monophosphate (cPMP) Formation from Guanosine Tri-phosphate (GTP) in Molybdenum Cofactor BiosynthesiscJaveria Batool  aIslamabadbRCMS NUSTc2019 4Dr.Uzma Habib(Supervisor) 2ddccTHE 00102ddc4070aRCMSbRCMScTHEd2020-01-21l0o519.4 JAVpRCMS003200r2020-01-21w2020-01-21yTHE